Sports Quiz

Random Sports or WWE Quiz
Score 0/58 Timer 08:00
0 Plays Today
Hint Answer % Correct
No Way OutSteve Austin
99.4%
WrestleMania X-SevenSteve Austin
99.4%
InsurrextionSteve Austin
99.4%
King of the RingSteve Austin
99.4%
InVasionSteve Austin
99.4%
SummerSlamSteve Austin
99.4%
UnforgivenSteve Austin
99.4%
RebellionSteve Austin
99.4%
Survivor SeriesSteve Austin
99.4%
WrestleMania X-SevenThe Rock
99.1%
InsurrextionThe Undertaker
99.1%
InVasionThe Undertaker
99.1%
No MercyThe Rock
99.1%
RebellionThe Rock
99.1%
Survivor SeriesThe Rock
99.1%
Survivor SeriesThe Undertaker
99.1%
VengeanceThe Rock
99.1%
Royal RumbleKurt Angle
98.5%
Royal RumbleTriple H
98.5%
No Way OutTriple H
98.5%
BacklashKurt Angle
98.5%
InsurrextionTriple H
98.5%
InVasionKurt Angle
98.5%
SummerSlamKurt Angle
98.5%
UnforgivenKurt Angle
98.5%
Survivor SeriesKurt Angle
98.5%
InVasionKane
98.2%
Survivor SeriesKane
98.2%
Judgment DayChris Jericho
97.4%
Hint Answer % Correct
King of the RingChris Jericho
97.4%
InVasionChris Jericho
97.4%
No MercyChris Jericho
97.4%
Survivor SeriesChris Jericho
97.4%
VengeanceChris Jericho
97.4%
BacklashChris Benoit
96.8%
Judgment DayChris Benoit
96.8%
King of the RingChris Benoit
96.8%
Judgment DayBubba Ray Dudley
95.3%
Judgment DayD-Von Dudley
95.3%
InVasionBubba Ray Dudley
95.3%
InVasionD-Von Dudley
95.3%
InVasionBooker T
95%
Survivor SeriesBooker T
95%
Survivor SeriesRob Van Dam
94.4%
Survivor SeriesShane McMahon
94.4%
Survivor SeriesBig Show
92.6%
Judgment DayJeff Hardy
91.8%
Judgment DayMatt Hardy
91.8%
Judgment DayEdge
90.6%
Judgment DayChristian
89.4%
InVasionDiamond Dallas Page
84.7%
InVasionRhyno
82.9%
Judgment DayBradshaw
73.8%
Judgment DayFaarooq
72.9%
Judgment DayX-Pac
65.6%
Judgment DayPerry Saturn
57.6%
Judgment DayJustin Credible
57.4%
Judgment DayDean Malenko
56.5%
Remove Ads.
Support Sporcle.
Get the best of Sporcle when you Go Orange. This ad-free experience offers more features, more stats, and more fun while also helping to support Sporcle. Thank you for becoming a member.

You're not logged in!

Compare scores with friends on all Sporcle quizzes.
OR
Log In

Show Comments

Extras

Top Quizzes Today


Score Distribution

Your Account Isn't Verified!

In order to create a playlist on Sporcle, you need to verify the email address you used during registration. Go to your Sporcle Settings to finish the process.

Report this User

Report this user for behavior that violates our Community Guidelines.

Details: